|
|
|
|
| LEADER |
01617nam a22002897a 4500 |
| 001 |
42685 |
| 003 |
BD-DhAAL |
| 005 |
20240905171253.0 |
| 008 |
240613t1997 nyua|||| |||| 00| 0 eng d |
| 020 |
|
|
|a 0021466653
|
| 040 |
|
|
|a BD-DhAAL
|d BD-DhAAL
|
| 082 |
|
|
|a 300.71073
|2 19
|
| 245 |
|
|
|a Communities :
|b adventures in time and place /
|c James A. Banks ... [et al.]; National Geographic Society (U.S.).
|
| 246 |
|
|
|a Sources, stories, and songs anthology communities :
|b adventures in time and place /
|
| 264 |
|
|
|a New York, N.Y. :
|b Macmillan/McGraw-Hill,
|c ©1997.
|
| 300 |
|
|
|a x, 165 pages :
|b color illustrations, maps (some color) ;
|c 28 cm.
|
| 500 |
|
|
|a Grade 3
"National Geographic Society."
Includes indexes
|
| 541 |
|
|
|a Donation from the Asia Foundation/Savar Campus Library
|e 42684
|
| 650 |
|
|
|a Social sciences
|x Study and teaching (Elementary).
|
| 650 |
|
|
|a Social sciences
|x Study and teaching (Secondary).
|9 56581
|
| 651 |
|
|
|a United States
|x Study and teaching (Elementary).
|
| 700 |
|
|
|a Banks, James A.
|
| 710 |
|
|
|a National Geographic Society (U.S.).
|
| 942 |
|
|
|2 ddc
|c BK
|
| 999 |
|
|
|c 46734
|d 46734
|
| 952 |
|
|
|0 0
|1 0
|2 ddc
|4 0
|6 300_710730000000000_COM
|7 0
|9 75659
|a SCL
|b SCL
|c GEN
|d 2024-06-13
|e Donation from the Asia Foundation/ Savar Campus
|l 0
|o 300.71073 COM
|p 3020042684
|r 2024-06-13
|t 1
|w 2024-06-13
|y BK
|x Donation from the Asia Foundation/ Savar Campus
|
| 952 |
|
|
|0 0
|1 0
|2 ddc
|4 0
|6 300_710730000000000_COM
|7 0
|9 75660
|a SCL
|b SCL
|c GEN
|d 2024-06-13
|e Donation from the Asia Foundation/ Savar Campus
|l 1
|o 300.71073 COM
|p 3020042685
|r 2025-04-18
|s 2025-04-16
|t 2
|w 2024-06-13
|y BK
|x Donation from the Asia Foundation/ Savar Campus
|